A basic English grammar with exercise

Đã lưu trong:
Sonraí Bibleagrafaíochta
Formáid: Leabhar
Foilsithe: 1982
Clibeanna: Cuir Clib Leis
Gan Chlibeanna, Bí ar an gcéad duine leis an taifead seo a chlibeáil!
Thư viện lưu trữ: Mạng thư viện Đại học Đà Nẵng
LEADER 00446nam a22001811a 4500
001 000038056
003 14351
005 20160412021218.0
008 160412s1982 000
082 |a 4A(07)1595 
245 |a A basic English grammar with exercise  |c John Eastwood 
260 |c 1982 
OWN |a LNN 
999 |a From the UDN01 
TYP |a Monograph 
980 |a Mạng thư viện Đại học Đà Nẵng